Phê bình, bình luận văn học: Văn học cổ Việt Nam Thần thoại - Sử thi - Truyện - Thơ - Chèo

में बचाया:
ग्रंथसूची विवरण
मुख्य लेखक: Vũ Tiến Quỳnh
स्वरूप: पुस्तक
भाषा:Undetermined
प्रकाशित: Tp. HCM Văn Nghệ 1997
विषय:
टैग : टैग जोड़ें
कोई टैग नहीं, इस रिकॉर्ड को टैग करने वाले पहले व्यक्ति बनें!
Thư viện lưu trữ: Trung tâm Học liệu Trường Đại học Cần Thơ
LEADER 00606nam a2200181Ia 4500
001 CTU_25342
008 210402s9999 xx 000 0 und d
082 |a 809 
082 |b V115 
100 |a Vũ Tiến Quỳnh 
245 0 |a Phê bình, bình luận văn học: Văn học cổ Việt Nam 
245 0 |b Thần thoại - Sử thi - Truyện - Thơ - Chèo 
245 0 |c Vũ Tiến Quỳnh 
260 |a Tp. HCM 
260 |b Văn Nghệ 
260 |c 1997 
650 |a vietnamese literature - history and criticism 
980 |a Trung tâm Học liệu Trường Đại học Cần Thơ